LIBRARY & INFORMATION CENTRE, KCAET, TAVANUR

ONLINE PUBLIC ACCESS CATALOGUE (OPAC)

Text book of sound / (Record no. 7247)

MARC details
000 -LEADER
fixed length control field 00547cam a2200229ua 4500
041 ## - LANGUAGE CODE
Language code of text/sound track or separate title eng
082 ## - DEWEY DECIMAL CLASSIFICATION NUMBER
Classification number 534
Item number RAM/TE
100 ## - MAIN ENTRY--AUTHOR NAME
Personal name Ramamoorthi, S .
245 ## - TITLE STATEMENT
Title Text book of sound /
260 ## - PUBLICATION, DISTRIBUTION, ETC. (IMPRINT)
Place of publication New Delhi :
Name of publisher National Publishing House ,
Year of publication 1963.
300 ## - PHYSICAL DESCRIPTION
Number of Pages 232 ; .
700 1# - ADDED ENTRY--PERSONAL NAME
Personal name Radha, K .
942 ## - ADDED ENTRY ELEMENTS (KOHA)
Koha item type Books
Holdings
Withdrawn status Lost status Damaged status Home library Current library Date acquired Full call number Accession Number Koha item type Public note
Withdrawn     KAUAET Sanskrit University 07/04/2012 534 7708 Books Transferred to Sanskrit University
Withdrawn     KAUAET Sanskrit University 07/04/2012 534 7707 Books Transferred to Sanskrit University
Withdrawn     KAUAET Sanskrit University 07/04/2012 534 7705 Books Transferred to Sanskrit University
Withdrawn     KAUAET Sanskrit University 07/04/2012 534 7709 Books Transferred to Sanskrit University
Withdrawn     KAUAET Sanskrit University 07/04/2012 534 7704 Books Transferred to Sanskrit University
free website counter